000 00744cab a2200217 4500
001 WB3435-49
008 090401t1998 xxu||||| |||| 00| 0 eng d
035 _a(Sirsi) u88554
041 _aeng
245 _aSelf-regulation for accountants
260 _c1998
350 _a0
490 _aFinancial Times
_v18 September 1998, 1&9(2)
520 _aThe government has proposed a single self-regulatory regime for accountants and singnalled that it could become the blueprint for a `pinstripe regulator` covering a range of professions.
650 _aACCOUNTANTS
650 _aPROFESSIONAL REGULATION
650 _aSELF REGULATION
690 _aMANAGEMENT-BUSINESS MANAGEMENT-PROFESSIONAL PRACTICE
942 _n0
948 _c18/09/1998
999 _c55963
_d55963